| 000 | 00402nam a22001577a 4500 | ||
|---|---|---|---|
| 020 | _a0-671-53552-8 | ||
| 082 |
_a823 _bKEE/N |
||
| 100 | _aKEENE/ CAROLYN | ||
| 245 |
_aNANCY DREW NOTE BOOKS _bTHE WEDDING GIFT GOOF |
||
| 246 |
_aNANCY DREW NOTE BOOKS _bTHE WEDDING GIFT GOOF |
||
| 260 |
_aLONDON _bPOCKET BOOKS _c199669 |
||
| 300 | _a69 | ||
| 520 | _aSHORT STORY | ||
| 650 | _aSHORT STORY | ||
| 942 | _cBK | ||
| 999 |
_c2774 _d2774 |
||